| 000 | 00841nam a2200241 a 4500 | ||
|---|---|---|---|
| 005 | 20240924064610.0 | ||
| 008 | 020924s19992003mx r 000 0 spa d | ||
| 020 | _a9688605131 | ||
| 020 | _a9688605995 | ||
| 035 | _aUPN01000119627 | ||
| 049 | _aCG | ||
| 050 | 4 |
_aLB1140.2 _bG3.3 |
|
| 100 | 1 | _aGarza Caligaris, María de Lourdes | |
| 245 | 1 | 0 |
_aEstancias infantiles comunitarias : _bmanual para educadoras / _cMaría de Lourdes Garza Caligaris, María de Lourdes Romero Sánchez. |
| 260 |
_aMéxico : _bPax-México : _bEnlace, Comunicación y Capacitación, _cc1999 (2003 impr.). |
||
| 300 |
_a206 p. : _bil. |
||
| 650 | 4 |
_aGUARDERIAS INFANTILES _96406 |
|
| 650 | 4 |
_aDesarrollo infantil _9176 |
|
| 650 | 4 |
_aEducación preescolar _91517 |
|
| 700 | 1 |
_aRomero Sánchez, María de Lourdes, _ecoaut. |
|
| 905 | _aLibro | ||
| 999 |
_c91979 _d91979 |
||